01222nam a2200145 a 4500008004100000041000800041110003100049245007400080250001100154260006700165300001000232500012000242505068600362655002801048121101q1995 ag |||g |||| 001 0 spa d aspa1 aLegislatura de Río Negro aConstitución de la Nación Argentina /cLegislatura de Río Negro a1a ed. aViedma [Río Negro-ARG.]:bLegislatura de Río Negro;c1995. a61 p. aConstitución de la Nación Argentina. (1995) (1a ed.). Río Negro : Legislatura de la Provincia de Río Negro. aNos los representantes del pueblo de la Nación Argentina, reunidos en Congreso General Constituyente por voluntad y elección de las provincias que la componen, en cumplimiento de pactos preexistentes, con el objeto de constituir la unión nacional, afianzar la justicia, consolidar la paz interior, proveer a la defensa común, promover el bienestar general, y asegurar los beneficios de la libertad, para nosotros, para nuestra posteridad, y para todos los hombres del mundo que quieran habitar en el suelo argentino: invocando la protección de Dios, fuente de toda razón y justicia: ordenamos, decretamos y establecemos esta Constitución, para la Nación Argentina.  aConstitución Nacional